[Event "ITA-chT Final 56th"]
[Site "Darfo Boario Terme"]
[Date "2025.04.10"]
[Round "6.40"]
[White "Di Fonzo, Valerio"]
[Black "Lelli, Adriano"]
[Result "1-0"]
[WhiteElo "2123"]
[BlackElo "2120"]
[PlyCount "115"]
[EventDate "2025.04.07"]
[EventType "team-swiss"]
[EventRounds "9"]
[EventCountry "ITA"]
[SourceTitle "CB16_2025"]
[SourceDate "2025.04.16"]
[SourceVersion "1"]
[SourceVersionDate "2025.04.16"]
[SourceQuality "1"]
[WhiteTeam "Mimosa Elite"]
[BlackTeam "Dragone Master"]
[WhiteTeamCountry "ITA"]
[BlackTeamCountry "ITA"]

1. e4 c5 2. Nf3 Nc6 3. Bb5 g6 4. 0-0 Bg7 5. Re1 Nf6 6. c3 0-0 7. h3 Qc7 8. Bf1 e5 9. Na3 d6 10. Nb5 Qe7 11. d4 Rd8 12. d5 Nb8 13. a4 Na6 14. Na3 Nc7 15. Nc4 h6 16. Na5 Nce8 17. Bd2 Nh7 18. Qc1 Qf8 19. Bd3 f5 20. Qc2 f4 21. Kf1 g5 22. Ke2 h5 23. Kd1 Qe7 24. Qb3 g4 25. hxg4 hxg4 26. Ng1 Qh4 27. g3 Qh2 28. gxf4 exf4 29. f3 gxf3 30. Nxf3 Bg4 31. Be2 Bxf3 32. Bxf3 Ng5 33. Bh1 Nf6 34. Qc4 Ng4 35. Qe2 Qg3 36. Kc2 f3 37. Qf1 f2 38. Re2 Nh3 39. Qg2 Be5 40. Qxg3 Bxg3 41. Bf3 Ne5 42. Bg2 Ng1 43. Re3 Bf4 44. Rf1 b6 45. Nc6 Nxc6 46. dxc6 Bxe3 47. Bxe3 Rf8 48. Rxf2 Rxf2+ 49. Bxf2 Ne2 50. Bh3 Nf4 51. Bd7 Ng6 52. c7 Ne7 53. Bh4 Rc8 54. Be6+ Kg7 55. Bxe7 Rxc7 56. Bxd6 Rc6 57. e5 c4 58. Bd7 1-0

[Event "ITA-chT Final 56th"]
[Site "Darfo Boario Terme"]
[Date "2025.04.10"]
[Round "5.36"]
[White "Lelli, Adriano"]
[Black "Boraso, Alessio"]
[Result "0-1"]
[WhiteElo "2120"]
[BlackElo "2219"]
[PlyCount "88"]
[EventDate "2025.04.07"]
[EventType "team-swiss"]
[EventRounds "9"]
[EventCountry "ITA"]
[SourceTitle "CB16_2025"]
[SourceDate "2025.04.16"]
[SourceVersion "1"]
[SourceVersionDate "2025.04.16"]
[SourceQuality "1"]
[WhiteTeam "Dragone Master"]
[BlackTeam "Milan Accademia"]
[WhiteTeamCountry "ITA"]
[BlackTeamCountry "ITA"]

1. e4 c5 2. Nc3 e6 3. Nge2 Nc6 4. d4 cxd4 5. Nxd4 Nf6 6. g3 d5 7. exd5 exd5 8. Bg2 Bg4 9. Nxc6 bxc6 10. Qd3 Be7 11. 0-0 Qd7 12. Re1 0-0 13. Be3 Bf5 14. Qd2 Bb4 15. a3 Ba5 16. Bc5 Rfe8 17. b4 Bb6 18. Na4 Qc7 19. f3 Nd7 20. Nxb6 axb6 21. Be3 h6 22. a4 Be6 23. f4 Bf5 24. a5 bxa5 25. Rxa5 Nb6 26. Bf1 Rad8 27. Rea1 Nc4 28. Bxc4 dxc4 29. Qf2 Qd7 30. Bb6 Rb8 31. c3 Bd3 32. R5a2 Re4 33. Bd4 Rbe8 34. f5 Qd5 35. Ra8 Kh7 36. Rxe8 Rxe8 37. Re1 Rxe1+ 38. Qxe1 Qf3 39. Bf2 Be4 40. Kf1 Bd3+ 41. Kg1 Be4 42. Kf1 Bxf5 43. Qe5 Qh1+ 44. Ke2 Bg4+ 0-1

[Event "ITA-chT Final 56th"]
[Site "Darfo Boario Terme"]
[Date "2025.04.09"]
[Round "4.32"]
[White "Lapiccirella, Daniele"]
[Black "Lelli, Adriano"]
[Result "1/2-1/2"]
[WhiteElo "2123"]
[BlackElo "2120"]
[PlyCount "35"]
[EventDate "2025.04.07"]
[EventType "team-swiss"]
[EventRounds "9"]
[EventCountry "ITA"]
[SourceTitle "CB16_2025"]
[SourceDate "2025.04.16"]
[SourceVersion "1"]
[SourceVersionDate "2025.04.16"]
[SourceQuality "1"]
[WhiteTeam "Cerianese Scacchistica"]
[BlackTeam "Dragone Master"]
[WhiteTeamCountry "ITA"]
[BlackTeamCountry "ITA"]

1. d4 Nf6 2. c4 g6 3. Nc3 d5 4. Nf3 Bg7 5. Bg5 dxc4 6. e4 c5 7. d5 b5 8. e5 b4 9. exf6 exf6 10. Be3 bxc3 11. bxc3 0-0 12. Bxc4 Nd7 13. 0-0 Qa5 14. Rc1 f5 15. Bb3 Bxc3 16. Qc2 Bf6 17. Bxc5 Nxc5 18. Qxc5 1/2-1/2